Collected results of the studies on artificial food chains

Guardado en:
Detalles Bibliográficos
Formato: Libro
Lenguaje:Undetermined
Publicado: [Germany] 1980
Materias:
Etiquetas: Agregar Etiqueta
Sin Etiquetas, Sea el primero en etiquetar este registro!
Thư viện lưu trữ: Trung tâm Học liệu Trường Đại học Cần Thơ
LEADER 00484nam a2200157Ia 4500
001 CTU_150524
008 210402s9999 xx 000 0 und d
082 |a 636.084 
082 |b C697 
245 0 |a Collected results of the studies on artificial food chains 
245 0 |c P. H. Koske ...[et al.] 
260 |a [Germany] 
260 |c 1980 
650 |a Feeding and feeds,Thức ăn chăn nuôi 
904 |i Trọng Hải 
980 |a Trung tâm Học liệu Trường Đại học Cần Thơ